Bioeconomic modelling of endangered species conservation (Record no. 11112)
[ view plain ]
| 000 -LEADER | |
|---|---|
| fixed length control field | 00308nam a22001217a 4500 |
| 040 ## - CATALOGING SOURCE | |
| Transcribing agency | 333 |
| 082 ## - DEWEY DECIMAL CLASSIFICATION NUMBER | |
| Classification number | 333 ROB 1999 C090 |
| 100 ## - MAIN ENTRY--AUTHOR NAME | |
| Personal name | ROBERT R ALEXANDER |
| 245 ## - TITLE STATEMENT | |
| Title | Bioeconomic modelling of endangered species conservation |
| 260 ## - PUBLICATION, DISTRIBUTION, ETC. (IMPRINT) | |
| Place of publication | Phnom Penh |
| Name of publisher | ROB |
| Year of publication | 1999 |
| 300 ## - PHYSICAL DESCRIPTION | |
| Number of Pages | 31p. |
| Other physical details | ill. |
| Dimensions | 29cm. |
| 942 ## - ADDED ENTRY ELEMENTS (KOHA) | |
| Koha item type | សៀវភៅភាសាអង់គ្លេស |
| 952 ## - LOCATION AND ITEM INFORMATION (KOHA) | |
| Withdrawn status [LOCAL, KOHA] | 0 |
| Permanent Location | Date acquired | Koha item type | Lost status | Shelving location | Barcode | Current Location | Full call number |
|---|---|---|---|---|---|---|---|
| Library Block C | 2017-02-17 | សៀវភៅភាសាអង់គ្លេស | C190 | A10952 | Library Block C | 333 ROB 1999 C190 |